[Event "Guernsey Open 2012"]
[Site "?"]
[Date "2012.10.23"]
[Round "3"]
[White "Dilleigh, Stephen"]
[Black "Bakker, Joop"]
[Result "1/2-1/2"]
[WhiteElo "2099"]
[BlackElo "1982"]
[PlyCount "32"]
[EventDate "2012.10.21"]
[EventType "swiss"]
[SourceDate "2012.10.30"]

1. d4 g6 2. e4 Bg7 3. Nf3 c6 4. Nc3 d5 5. h3 Nf6 6. exd5 cxd5 7. Bb5+ Bd7 8.
Qe2 a6 9. Bxd7+ Nbxd7 10. O-O O-O 11. Bf4 Re8 12. Rfd1 Rc8 13. Nb1 Ne4 14. c3
Ndf6 15. Nbd2 b5 16. a3 Qb6 1/2-1/2

[Event "Guernsey Open 2012"]
[Site "?"]
[Date "2012.10.23"]
[Round "3"]
[White "Gant, Christopher"]
[Black "Bullen, Alex"]
[Result "1-0"]
[WhiteElo "2170"]
[BlackElo "1821"]
[PlyCount "39"]
[EventDate "2012.10.21"]
[EventType "swiss"]
[SourceDate "2012.10.30"]

1. d4 Nf6 2. c4 e6 3. Nc3 d5 4. g3 Be7 5. Bg2 O-O 6. Nf3 dxc4 7. O-O Bd7 8. Ne5
Bc6 9. e4 Nbd7 10. Nxc4 Bb4 11. d5 exd5 12. exd5 Bxc3 13. dxc6 Ne5 14. bxc3
Nxc4 15. cxb7 Rb8 16. Bf4 Qe7 17. Qd4 Nb6 18. Rfe1 Qd8 19. Qxd8 Rbxd8 20. Bxc7
1-0

[Event "Guernsey Open 2012"]
[Site "?"]
[Date "2012.10.23"]
[Round "3"]
[White "Wager, John"]
[Black "Heppell, Ian N"]
[Result "1-0"]
[WhiteElo "2023"]
[BlackElo "2118"]
[PlyCount "75"]
[EventDate "2012.10.21"]
[EventType "swiss"]
[SourceDate "2012.10.30"]

1. d4 d6 2. c4 e5 3. Nf3 e4 4. Nfd2 f5 5. Nc3 Nf6 6. e3 g6 7. Qc2 Bg7 8. Be2
Nc6 9. b4 O-O 10. b5 Ne7 11. Nb3 c6 12. a4 Be6 13. Ba3 Rc8 14. O-O Kh8 15. bxc6
bxc6 16. Rab1 Bg8 17. Rfd1 Qc7 18. g3 Rb8 19. d5 c5 20. Nb5 Qd7 21. a5 a6 22.
Nc3 g5 23. Nd2 h5 24. Rb6 Rxb6 25. axb6 Qb7 26. Rb1 Bh7 27. Nb3 f4 28. Bxc5
dxc5 29. Nxc5 Qc8 30. Ne6 fxe3 31. fxe3 Nfxd5 32. Nxf8 Nxc3 33. b7 Qxf8 34.
b8=Q Nxb1 35. Qxf8+ Bxf8 36. Qxb1 g4 37. Qb8 Kg8 38. c5 1-0

[Event "Guernsey Open 2012"]
[Site "?"]
[Date "2012.10.23"]
[Round "3"]
[White "Wismayer, Clive R"]
[Black "Canonne, Antoine"]
[Result "1-0"]
[WhiteElo "2099"]
[BlackElo "2014"]
[PlyCount "101"]
[EventDate "2012.10.21"]
[EventType "swiss"]
[SourceDate "2012.10.30"]

1. e4 c5 2. Nf3 e6 3. d3 d5 4. Nbd2 Nc6 5. g3 Nf6 6. Bg2 Be7 7. O-O O-O 8. e5
Nd7 9. Re1 Qc7 10. Qe2 Nb4 11. Nf1 b6 12. c3 Na6 13. Bf4 Bb7 14. h4 Rfe8 15.
N1h2 Nf8 16. h5 Qd8 17. Ng4 f5 18. exf6 Bxf6 19. h6 Ng6 20. Be5 d4 21. c4 Bxe5
22. Nfxe5 Bxg2 23. Kxg2 Nxe5 24. Qxe5 Qc7 25. Qg5 Qe7 26. Qxg7+ Qxg7 27. hxg7
Kxg7 28. a3 Nc7 29. Re5 Re7 30. Rh1 Ne8 31. Rh6 Nd6 32. Reh5 Rh8 33. f4 Ne8 34.
Rg5+ Kf8 35. Ne5 Rg8 36. Rgh5 Ng7 37. Rf6+ Ke8 38. Rxh7 Nf5 39. Rxe7+ Kxe7 40.
Rf7+ Ke8 41. Rxa7 Rxg3+ 42. Kf2 Rh3 43. b4 Rh2+ 44. Kf3 Rh1 45. b5 Rf1+ 46. Kg4
Rg1+ 47. Kh5 Ng7+ 48. Kh6 Nf5+ 49. Kh7 Kd8 50. Rb7 Nd6 51. Rd7+ 1-0

[Event "Guernsey Open 2012"]
[Site "?"]
[Date "2012.10.23"]
[Round "3"]
[White "Campbell, Ian"]
[Black "Collier, David O"]
[Result "1/2-1/2"]
[WhiteElo "2000"]
[BlackElo "2098"]
[PlyCount "54"]
[EventDate "2012.10.21"]
[EventType "swiss"]
[SourceDate "2012.10.30"]

1. d4 Nf6 2. Nf3 e6 3. g3 d5 4. Bg2 c5 5. c3 Nc6 6. h3 Bd6 7. Be3 cxd4 8. Nxd4
O-O 9. Nd2 Nxd4 10. cxd4 Bd7 11. O-O Rc8 12. Qb3 Qa5 13. Qd1 b6 14. a3 Qa6 15.
Re1 h6 16. Bf1 e5 17. Rc1 Ba4 18. b3 Bd7 19. Rxc8 Rxc8 20. a4 Qa5 21. dxe5 Bxe5
22. Nf3 Bc3 23. Bd2 Ne4 24. Bxc3 Rxc3 25. Nd4 Qb4 26. Bg2 Qe7 27. e3 Qf6
1/2-1/2

[Event "Guernsey Open 2012"]
[Site "?"]
[Date "2012.10.23"]
[Round "3"]
[White "Taylor, Mark V"]
[Black "Spanton, Timothy R"]
[Result "1/2-1/2"]
[WhiteElo "2098"]
[BlackElo "1994"]
[PlyCount "31"]
[EventDate "2012.10.21"]
[EventType "swiss"]
[SourceDate "2012.10.30"]

1. d4 d5 2. Nc3 e6 3. e4 Bb4 4. Nge2 dxe4 5. a3 Be7 6. Nxe4 Nf6 7. N2g3 O-O 8.
c3 Nbd7 9. Bc4 c5 10. dxc5 Nxc5 11. Qe2 Bd7 12. Nxc5 Bxc5 13. Bg5 h6 14. Bxf6
Qxf6 15. Ne4 Qe7 16. Nxc5 1/2-1/2

[Event "Guernsey Open 2012"]
[Site "?"]
[Date "2012.10.23"]
[Round "3"]
[White "Morcom, Huw"]
[Black "Bolt, Graham"]
[Result "1-0"]
[WhiteElo "1958"]
[BlackElo "2063"]
[PlyCount "85"]
[EventDate "2012.10.21"]
[EventType "swiss"]
[SourceDate "2012.10.30"]

1. e4 g6 2. d4 Bg7 3. Nc3 d6 4. Nf3 a6 5. a4 a5 6. Bc4 e6 7. Bg5 Ne7 8. O-O h6
9. Bh4 O-O 10. Re1 b6 11. h3 Bb7 12. Qe2 Nd7 13. Rad1 g5 14. Nxg5 hxg5 15. Bxg5
Qe8 16. Rd3 Ng6 17. h4 e5 18. h5 Nf4 19. Bxf4 exf4 20. h6 Bf6 21. Nd5 Bxd5 22.
Bxd5 Rc8 23. Qg4+ Kh8 24. Qxf4 Qe7 25. Bc6 Rcd8 26. c3 Rg8 27. Rf3 Rg6 28. Kf1
Rf8 29. Qf5 Nb8 30. Bd5 c6 31. Bc4 Qd7 32. Qh5 Rfg8 33. Rf5 c5 34. e5 d5 35.
Bb5 Qc7 36. Rxf6 Rxg2 37. Qxf7 Qc8 38. e6 cxd4 39. h7 Rg1+ 40. Ke2 Rxe1+ 41.
Kxe1 Rg1+ 42. Kd2 dxc3+ 43. bxc3 1-0

[Event "Guernsey Open 2012"]
[Site "?"]
[Date "2012.10.23"]
[Round "3"]
[White "Ippel, Cornelius J"]
[Black "Casiot, David"]
[Result "1-0"]
[WhiteElo "1935"]
[BlackElo "2046"]
[PlyCount "97"]
[EventDate "2012.10.21"]
[EventType "swiss"]
[SourceDate "2012.10.30"]

1. Nc3 d5 2. e4 d4 3. Nce2 Nc6 4. Ng3 e5 5. Bc4 Nf6 6. d3 Bg4 7. Nf3 Bb4+ 8.
Bd2 Bd6 9. h3 Bd7 10. O-O Qe7 11. Bg5 O-O-O 12. Nh4 h6 13. Nhf5 Qf8 14. Bd2 g6
15. Nxd6+ cxd6 16. c3 Kb8 17. cxd4 Nxd4 18. Bc3 Bc6 19. Bxd4 exd4 20. Ne2 d5
21. exd5 Bxd5 22. Qb3 Qd6 23. Rac1 Rhe8 24. Ng3 h5 25. Bxd5 Qxd5 26. Qxd5 Rxd5
27. Rfe1 Re6 28. Kf1 h4 29. Ne4 Nd7 30. Rc2 f5 31. Rec1 b6 32. Ng5 Re8 33. Nf3
Nc5 34. Rd2 Rh8 35. Re1 Rd6 36. Ng5 Rd7 37. f4 Kb7 38. Re5 Rc8 39. b4 Na6 40.
b5 Nb4 41. Re6 Rc1+ 42. Kf2 Nd5 43. Rxg6 Nxf4 44. Rf6 Rc3 45. Rf7 Kc7 46. Rxd7+
Kxd7 47. Nf3 Nxd3+ 48. Rxd3 Rxd3 49. Ne5+ 1-0

[Event "Guernsey Open 2012"]
[Site "?"]
[Date "2012.10.23"]
[Round "3"]
[White "Goris Schouwstra, Adry"]
[Black "Haria, Ravi"]
[Result "0-1"]
[WhiteElo "1929"]
[BlackElo "2034"]
[PlyCount "106"]
[EventDate "2012.10.21"]
[EventType "swiss"]
[SourceDate "2012.10.30"]

1. d4 Nf6 2. c4 c5 3. d5 b5 4. cxb5 a6 5. Nc3 axb5 6. Nxb5 Ba6 7. Nc3 g6 8. e4
Bxf1 9. Kxf1 d6 10. Nge2 Bg7 11. g3 Nbd7 12. Kg2 O-O 13. h3 Ra6 14. f3 Qa8 15.
a3 Rb8 16. Qc2 e6 17. dxe6 fxe6 18. Nf4 d5 19. exd5 exd5 20. Re1 Nf8 21. Qf2
Qc6 22. Nd3 d4 23. Ne4 Nxe4 24. Rxe4 c4 25. Ne5 Qd5 26. Bf4 Rab6 27. Rxd4 Qe6
28. Nxc4 Bxd4 29. Qxd4 Qe2+ 30. Kg1 Ne6 31. Qe4 Nxf4 32. gxf4 Qxe4 33. fxe4 {
(=)} Re6 34. e5 Rc6 35. Na5 Rc2 36. b3 Kf7 37. Rd1 Ra2 38. a4 Ke6 39. Nc6 Rf8
40. Rd6+ Kf5 41. Rd4 g5 42. fxg5 Kxg5 43. Rg4+ Kf5 44. Rg3 Kf4 45. Rg4+ Kf5 46.
Rg3 Ke6 47. Rg7 Rc8 48. Re7+ Kf5 49. Rf7+ Ke4 50. Rf6 Rg8+ 51. Kh1 Rgg2 52. e6
Rgc2 53. Rf1 Rh2+ 0-1

[Event "Guernsey Open 2012"]
[Site "?"]
[Date "2012.10.23"]
[Round "3"]
[White "Hickman, John"]
[Black "Goris, Ton"]
[Result "1/2-1/2"]
[WhiteElo "1918"]
[BlackElo "2029"]
[PlyCount "44"]
[EventDate "2012.10.21"]
[EventType "swiss"]
[SourceDate "2012.10.30"]

1. e4 e6 2. d3 d5 3. Nd2 Nf6 4. Ngf3 Nc6 5. c3 Bd6 6. b4 dxe4 7. dxe4 O-O 8.
Bb5 Ne5 9. Qc2 a5 10. Nxe5 Bxe5 11. Nc4 c6 12. Nxe5 cxb5 13. bxa5 Qc7 14. Nf3
Nxe4 15. Ba3 Rd8 16. Bb4 f5 17. O-O b6 18. axb6 Qxb6 19. Rad1 Bb7 20. Nd2 Nxd2
21. Rxd2 Be4 22. Qd1 Rxd2 1/2-1/2

[Event "Guernsey Open 2012"]
[Site "?"]
[Date "2012.10.23"]
[Round "3"]
[White "Thurlow, Kevin J"]
[Black "Glover, John"]
[Result "1-0"]
[WhiteElo "2025"]
[BlackElo "1832"]
[PlyCount "121"]
[EventDate "2012.10.21"]
[EventType "swiss"]
[SourceDate "2012.10.30"]

1. c4 Nf6 2. Nc3 c5 3. Nf3 Nc6 4. d4 cxd4 5. Nxd4 g6 6. g3 Bg7 7. Bg2 O-O 8.
O-O a6 9. e3 Nxd4 10. exd4 d6 11. Bg5 h6 12. Bf4 Ne8 13. h4 Nc7 14. Qd2 Kh7 15.
Rfe1 Ne6 16. Be3 Rb8 17. d5 Nc5 18. b4 Nd7 19. Rac1 Ne5 20. Nd1 Bf5 21. Nb2 Qd7
22. f4 Ng4 23. Bd4 e5 24. dxe6 Bxe6 25. Bxg7 Kxg7 26. Qd4+ Kh7 27. Rcd1 Rfd8
28. Rd2 Qc7 29. h5 Bf5 30. Rde2 Rf8 31. hxg6+ Kxg6 32. Be4 Qd7 33. Nd3 Nf6 34.
Bxf5+ Qxf5 35. Qxd6 Rbd8 36. Ne5+ Kg7 37. Qc7 Qc8 38. Qxc8 Rxc8 39. Rd1 Rfe8
40. Kf2 h5 41. c5 Rc7 42. Rc2 Ng4+ 43. Nxg4 hxg4 44. Rd5 f6 45. Rcd2 Kg6 46.
Rd7 Re7 47. Rxc7 Rxc7 48. Rd6 Kf7 49. f5 Re7 50. Rd4 Re5 51. Rxg4 Rxf5+ 52. Ke3
Rd5 53. Rd4 Ke6 54. g4 Re5+ 55. Kf4 Ke7 56. Re4 Ke6 57. Rxe5+ fxe5+ 58. Ke4 Kf6
59. Kd5 e4 60. Kxe4 Kg5 61. Kd5 1-0

[Event "Guernsey Open 2012"]
[Site "?"]
[Date "2012.10.23"]
[Round "3"]
[White "Downey, Keith"]
[Black "Goater, Kevin P"]
[Result "0-1"]
[WhiteElo "1957"]
[BlackElo "2147"]
[PlyCount "120"]
[EventDate "2012.10.21"]
[EventType "swiss"]
[SourceDate "2012.10.30"]

1. Nf3 g6 2. d4 Bg7 3. g3 b6 4. Bg2 Bb7 5. O-O e6 6. c4 d6 7. Nc3 Ne7 8. b3 Nd7
9. Bb2 O-O 10. Qd2 h6 11. Rad1 a6 12. d5 e5 13. e4 Bc8 14. Nh4 g5 15. Nf3 f5
16. exf5 Nxf5 17. h3 Nf6 18. Nh2 Qe8 19. Ba1 Bd7 20. b4 a5 21. a3 axb4 22. axb4
Nd4 23. Bb2 Bf5 24. g4 Bg6 25. Ne2 Nxe2+ 26. Qxe2 Qa4 27. b5 Qb3 28. Rd2 Nd7
29. Rc1 Nc5 30. Bc3 Ra4 31. Bf1 Ne4 32. Rb2 Qa3 33. Be1 Qc5 34. Bg2 Nf6 35. Bd2
Qa3 36. Bc3 Raa8 37. Bb4 Qa7 38. Nf1 Nd7 39. Bc3 Nc5 40. Rd1 Qb8 41. Ne3 Qd8
42. Ra2 Rxa2 43. Qxa2 Qf6 44. Be1 Qf4 45. Nf1 Nd3 46. Ne3 e4 47. Qd2 Ne5 48.
Qe2 Nf3+ 49. Bxf3 exf3 50. Qd2 Be5 51. Nf1 Qxc4 52. Rc1 Qxb5 53. Rxc7 Qa4 54.
Ne3 Qf4 55. Nf1 Qf6 56. Rb7 h5 57. Rxb6 hxg4 58. hxg4 Be4 59. Qa2 Qf4 60. Ng3
Qxg4 0-1

[Event "Guernsey Open 2012"]
[Site "?"]
[Date "2012.10.23"]
[Round "3"]
[White "Westerkamp, Bert"]
[Black "De Kruif, Kees"]
[Result "1/2-1/2"]
[WhiteElo "2059"]
[BlackElo "1956"]
[PlyCount "56"]
[EventDate "2012.10.21"]
[EventType "swiss"]
[SourceDate "2012.10.30"]

1. e4 c5 2. d3 d6 3. g3 e5 4. Bg2 Nf6 5. Ne2 Be7 6. O-O Nc6 7. c3 Bd7 8. Nd2
Qc8 9. a4 Bh3 10. Nc4 Bxg2 11. Kxg2 Qd7 12. f4 h5 13. f5 h4 14. Ng1 hxg3 15.
hxg3 O-O-O 16. Nf3 Rh5 17. Rh1 Rdh8 18. Rxh5 Rxh5 19. Bg5 Kc7 20. Bxf6 Bxf6 21.
Nfxe5 Nxe5 22. Nxe5 dxe5 23. Qxh5 Qxd3 24. Qxf7+ Kc8 25. Qd5 Qe2+ 26. Kg1 Qe3+
27. Kh2 Qf2+ 28. Kh1 Qf3+ 1/2-1/2

[Event "Guernsey Open 2012"]
[Site "?"]
[Date "2012.10.23"]
[Round "3"]
[White "Fassaert, Desire JM"]
[Black "Archer, Richard"]
[Result "1/2-1/2"]
[WhiteElo "1939"]
[BlackElo "2022"]
[PlyCount "32"]
[EventDate "2012.10.21"]
[EventType "swiss"]
[SourceDate "2012.10.30"]

1. Nf3 d5 2. b3 Nf6 3. Bb2 c5 4. e3 Nc6 5. d4 Bg4 6. Be2 e6 7. O-O Be7 8. dxc5
Bxc5 9. c4 O-O 10. cxd5 Nxd5 11. Nc3 Nxc3 12. Bxc3 Rc8 13. Ne5 Qxd1 14. Bxd1
Nxe5 15. Bxe5 Bxd1 16. Rfxd1 Rfd8 1/2-1/2

[Event "Guernsey Open 2012"]
[Site "?"]
[Date "2012.10.23"]
[Round "3"]
[White "Burton, Ronnie"]
[Black "Oehne, Timo"]
[Result "1-0"]
[WhiteElo "2013"]
[BlackElo "1926"]
[PlyCount "71"]
[EventDate "2012.10.21"]
[EventType "swiss"]
[SourceDate "2012.10.30"]

1. d4 g6 2. Nf3 Bg7 3. Bf4 e6 4. e3 Ne7 5. c4 d5 6. Nc3 a6 7. Rc1 Nbc6 8. Be2
O-O 9. O-O h6 10. h3 f5 11. Ne5 Nxe5 12. Bxe5 Bxe5 13. dxe5 c6 14. Qb3 f4 15.
e4 d4 16. Rfd1 c5 17. Na4 Qc7 18. Qb6 Qxb6 19. Nxb6 Rb8 20. b4 cxb4 21. Rxd4
Nc6 22. Rd6 Nxe5 23. Rcd1 Kf7 24. c5 Kf6 25. Rd8 Rf7 26. Rxc8 Rxc8 27. Nxc8 Rc7
28. Nd6 Rxc5 29. Nxb7 Rc2 30. Bxa6 Rxa2 31. Bb5 b3 32. Rb1 b2 33. Kh2 Ra7 34.
Nc5 Rc7 35. Na4 Nc4 36. f3 1-0

[Event "Guernsey Open 2012"]
[Site "?"]
[Date "2012.10.23"]
[Round "3"]
[White "Gravett, Alan D"]
[Black "Hawkins, Nick"]
[Result "1/2-1/2"]
[WhiteElo "1921"]
[BlackElo "2001"]
[PlyCount "59"]
[EventDate "2012.10.21"]
[EventType "swiss"]
[SourceDate "2012.10.30"]

1. g3 e5 2. Bg2 d5 3. Nf3 Bd6 4. d3 Nf6 5. O-O O-O 6. c4 d4 7. a3 a5 8. Nbd2 c5
9. Re1 Nc6 10. Ng5 Be7 11. Nge4 Nxe4 12. Bxe4 Be6 13. Nf3 f6 14. Bd2 Qd6 15.
Qb3 Rfb8 16. e3 a4 17. Qc2 dxe3 18. Bxe3 f5 19. Bxc6 bxc6 20. Nxe5 Qxe5 21. Bf4
Qf6 22. Be5 Qg6 23. Bxb8 Rxb8 24. Qxa4 Rxb2 25. Qxc6 Kf7 26. Rab1 Rxb1 27. Rxb1
f4 28. Qf3 Qg4 29. Qxf4+ Qxf4 30. gxf4 1/2-1/2

[Event "Guernsey Open 2012"]
[Site "?"]
[Date "2012.10.23"]
[Round "3"]
[White "Biswas, Karl"]
[Black "Kirby, Peter"]
[Result "0-1"]
[WhiteElo "1858"]
[BlackElo "1999"]
[PlyCount "98"]
[EventDate "2012.10.21"]
[EventType "swiss"]
[SourceDate "2012.10.30"]

1. d4 Nf6 2. Nf3 g6 3. c4 Bg7 4. Nc3 d5 5. cxd5 Nxd5 6. e4 Nxc3 7. bxc3 O-O 8.
Rb1 c5 9. Qd2 b6 10. Be2 Ba6 11. Bxa6 Nxa6 12. Qd3 Qc8 13. O-O e6 14. Bf4 Qb7
15. Qe3 cxd4 16. cxd4 Rac8 17. a3 Rc2 18. Rfc1 Rfc8 19. Rxc2 Rxc2 20. Qd3 Qc8
21. Bd6 Qc4 22. Qxc4 Rxc4 23. Rd1 Bf8 24. Bxf8 Kxf8 25. g3 Rc3 26. Ng5 h6 27.
Nh3 Rxa3 28. d5 exd5 29. exd5 Nc5 30. Nf4 g5 31. Nh5 Rd3 32. Rxd3 Nxd3 33. d6
Nc5 34. Kf1 Ne4 35. d7 Ke7 36. Ng7 Kxd7 37. g4 Nd6 38. Nh5 Ke6 39. Ke2 Ke5 40.
Kd3 a5 41. f3 b5 42. Kc3 Nc8 43. Ng3 Nd6 44. Ne2 f6 45. Kb3 Kd5 46. Kc3 b4+ 47.
Kb3 Nb5 48. Nc1 Nd4+ 49. Ka4 Kc4 0-1

[Event "Guernsey Open 2012"]
[Site "?"]
[Date "2012.10.23"]
[Round "3"]
[White "Staniforth, Matthew"]
[Black "Roberts, Malcolm A"]
[Result "1/2-1/2"]
[WhiteElo "1999"]
[BlackElo "1866"]
[PlyCount "74"]
[EventDate "2012.10.21"]
[EventType "swiss"]
[SourceDate "2012.10.30"]

1. e4 e6 2. d4 d5 3. exd5 exd5 4. c4 c6 5. Nc3 Nf6 6. Bd3 Be7 7. Nf3 h6 8. O-O
O-O 9. h3 Be6 10. cxd5 Nxd5 11. Re1 Nd7 12. Bd2 N7f6 13. Rc1 Bd6 14. Ne5 Re8
15. f4 Nxc3 16. bxc3 Qc8 17. Qc2 c5 18. f5 Bd5 19. Bf4 c4 20. Bf1 b5 21. Re3
Nh5 22. Bh2 Qc7 23. Qe2 Nf6 24. g4 Re7 25. Bg2 Bxg2 26. Qxg2 Rae8 27. Rce1 Nd7
28. Nxc4 Bxh2+ 29. Qxh2 Qd8 30. Rxe7 Rxe7 31. Rxe7 Qxe7 32. Ne5 f6 33. Nxd7
Qe1+ 34. Kg2 Qe2+ 35. Kh1 Qf1+ 36. Qg1 Qxh3+ 37. Qh2 Qf1+ 1/2-1/2

[Event "Guernsey Open 2012"]
[Site "?"]
[Date "2012.10.23"]
[Round "3"]
[White "Fathallah, Joe"]
[Black "Brookfield, Toby"]
[Result "1/2-1/2"]
[WhiteElo "1986"]
[BlackElo "1824"]
[PlyCount "164"]
[EventDate "2012.10.21"]
[EventType "swiss"]
[SourceDate "2012.10.30"]

1. d4 f5 2. h3 Nf6 3. g4 d5 4. Nf3 fxg4 5. hxg4 Bxg4 6. Qd3 Bxf3 7. Qxf3 Nc6 8.
c3 e5 9. dxe5 Nxe5 10. Qf5 Bd6 11. Bh3 Qd7 12. Bg5 Qf7 13. Nd2 Nfd7 14. O-O-O
Qxf5 15. Bxf5 h6 16. Nf3 Rf8 17. Bxd7+ Nxd7 18. Be3 c6 19. Rdg1 Rf7 20. Bd4 Bf8
21. Rg6 c5 22. Be3 O-O-O 23. Rhg1 Re8 24. Rd1 Ne5 25. Nxe5 Rxe5 26. a3 Rd7 27.
Rd2 Rf5 28. Rd1 b6 29. Kc2 Rd6 30. Rg2 g5 31. b4 Rd7 32. Kb3 Kb7 33. Rh2 Kc6
34. Rg2 Bg7 35. f3 Re5 36. Bg1 Rde7 37. Rd2 R5e6 38. Kc2 h5 39. Rh2 h4 40. e3
Be5 41. Rhg2 Bf6 42. Rg4 Rh7 43. Rh2 Bd8 44. f4 Re4 45. Rh3 cxb4 46. axb4 a5
47. bxa5 bxa5 48. Rg2 gxf4 49. exf4 Rxf4 50. Rg6+ Rf6 51. Rg4 Re6 52. Kd3 Rf7
53. c4 dxc4+ 54. Rxc4+ Kd7 55. Bh2 Rf5 56. Rd4+ Ke8 57. Kc4 Ra6 58. Re4+ Kf7
59. Rd3 Rc6+ 60. Kb3 Bg5 61. Ka4 Rc2 62. Be5 Rc5 63. Bc3 Rcd5 64. Rh3 Kg6 65.
Kb3 Rf1 66. Ra4 Rff5 67. Re4 Rf1 68. Ra4 Bd8 69. Re4 Rfd1 70. Kc2 Rg1 71. Be1
Rg2+ 72. Kb3 Kf5 73. Rc4 Rg4 74. Rc6 a4+ 75. Kc2 Be7 76. Rc7 Rc5+ 77. Rxc5+
Bxc5 78. Rxh4 Rg2+ 79. Kd3 a3 80. Rh5+ Rg5 81. Rxg5+ Kxg5 82. Kc3 Bd4+ 1/2-1/2

[Event "Guernsey Open 2012"]
[Site "?"]
[Date "2012.10.23"]
[Round "3"]
[White "Slade, Theodore"]
[Black "Waters, Andrew C"]
[Result "0-1"]
[WhiteElo "1716"]
[BlackElo "1938"]
[PlyCount "138"]
[EventDate "2012.10.21"]
[EventType "swiss"]
[SourceDate "2012.10.30"]

1. d4 d5 2. Nf3 c6 3. c4 Nf6 4. Nc3 e6 5. e3 Bd6 6. Bd3 dxc4 7. Bxc4 b5 8. Bd3
Nbd7 9. O-O O-O 10. e4 e5 11. Bg5 a6 12. dxe5 Nxe5 13. Nxe5 Bxe5 14. f4 Bd4+
15. Kh1 Qb6 16. e5 Ng4 17. h3 h6 18. Be7 Ne3 19. Qh5 Re8 20. Qh4 Ra7 21. Bf6
Re6 22. Qg3 Rxf6 23. exf6 Bxf6 24. Rfe1 Bd4 25. Nd1 Re7 26. Nxe3 Bxe3 27. Re2
Bc5 28. Rxe7 Bxe7 29. Re1 Qc5 30. Qe3 Qxe3 31. Rxe3 Kf8 32. Be4 c5 33. b3 g6
34. g4 a5 35. Kg2 Bd7 36. Kg3 b4 37. f5 g5 38. Bd5 a4 39. Kf3 a3 40. Ke2 Bb5+
41. Bc4 Bc6 42. Kd3 Bf6 43. Ba6 Bd4 44. Re2 Bf3 45. Rd2 Ke7 46. Bc4 {(=)} f6
47. Rc2 Kd6 48. Re2 Bxe2+ 49. Kxe2 Ke5 50. Kd2 Ke4 51. Bf1 Kf3 52. Ke1 Bc3+ 53.
Kd1 Kf2 54. Bc4 Kg2 55. Ke2 Kxh3 56. Kf3 Bd4 57. Bf7 Kh2 58. Bc4 {(=)} Kh3 59.
Bf7 Kh4 60. Bc4 h5 61. Bd3 hxg4+ 62. Kg2 g3 63. Be2 g4 64. Bd3 Bf2 65. Kf1 Kg5
66. Ke2 Kf4 67. Bc2 Bd4 68. Kf1 Ke3 69. Kg2 Be5 0-1

[Event "Guernsey Open 2012"]
[Site "?"]
[Date "2012.10.23"]
[Round "3"]
[White "Angermuende, Dirk"]
[Black "Cummins, John"]
[Result "1/2-1/2"]
[WhiteElo "2033"]
[BlackElo "1844"]
[PlyCount "78"]
[EventDate "2012.10.21"]
[EventType "swiss"]
[SourceDate "2012.10.30"]

1. e4 c5 2. c3 g6 3. d4 cxd4 4. cxd4 d6 5. Nc3 Bg7 6. Nf3 Nf6 7. Be3 a6 8. Be2
Nc6 9. O-O Bd7 10. Qd2 O-O 11. Rfd1 Qa5 12. a3 Rfd8 13. b4 Qc7 14. Rac1 Qb8 15.
h3 b5 16. Bh6 e5 17. Bxg7 Kxg7 18. Qe3 Ne7 19. Rd2 Rc8 20. Rdc2 Be6 21. d5 Bd7
22. Bd3 Qb7 23. Nd2 Nh5 24. Ne2 Rxc2 25. Rxc2 Rc8 26. Rxc8 Bxc8 27. f4 f6 28.
g4 Nxf4 29. Nxf4 exf4 30. Qxf4 Qd7 31. Nf3 g5 32. Qe3 Qc7 33. Be2 Ng6 34. Nd4
Kf7 35. Bf1 Bd7 36. Nf3 Kg7 37. Nd4 Kf7 38. Nf3 Kg7 39. Nd4 Kf7 1/2-1/2

[Event "Guernsey Open 2012"]
[Site "?"]
[Date "2012.10.23"]
[Round "3"]
[White "Vonhoff, Nils"]
[Black "Von Saldern, Rudiger"]
[Result "1-0"]
[WhiteElo "1777"]
[BlackElo "1999"]
[PlyCount "131"]
[EventDate "2012.10.21"]
[EventType "swiss"]
[SourceDate "2012.10.30"]

1. e4 e5 2. Bc4 Bc5 3. c3 Nc6 4. b4 Bb6 5. Qb3 Qe7 6. Nf3 d6 7. a4 a5 8. b5 Nd8
9. d3 Nf6 10. O-O O-O 11. Nbd2 Ne6 12. Ba3 Bc5 13. Rae1 Bxa3 14. Qxa3 Nf4 15.
d4 Re8 16. g3 Ng6 17. Ng5 Rf8 18. Qb3 h6 19. Bxf7+ Rxf7 20. Nxf7 Qxf7 21. Qxf7+
Kxf7 22. f3 Kg8 23. b6 c6 24. f4 Nd7 25. Rb1 exf4 26. gxf4 Kf7 27. f5 Ne7 28.
Nc4 d5 29. Nd6+ Kf8 30. e5 Ng8 31. Rf2 h5 32. h3 Nh6 33. f6 gxf6 34. e6 Ke7 35.
Nxc8+ Rxc8 36. exd7 Rd8 37. Re1+ Kf7 38. Re5 Rxd7 39. Rxh5 Kg6 40. Rh4 Kg5 41.
Rhf4 f5 42. h4+ Kf6 43. Re2 Rg7+ 44. Kf2 Ng4+ 45. Kf3 Rg8 46. Rg2 Ke6 47. Rg3
Rh8 48. Rh3 Nf6 49. Ke2 Rg8 50. Re3+ Ne4 51. Kf1 Kf6 52. c4 Nd2+ 53. Kf2 Nxc4
54. Re1 Ra8 55. Rf3 Ra6 56. h5 Rxb6 57. h6 Nd6 58. h7 Nf7 59. Re5 Nh8 60.
Rfxf5+ Kg6 61. Rh5 Rb2+ 62. Kf3 Rb3+ 63. Kf4 Rb4 64. Reg5+ Kf7 65. Rg8 Rxd4+
66. Kf5 1-0

[Event "Guernsey Open 2012"]
[Site "?"]
[Date "2012.10.23"]
[Round "3"]
[White "Dennis, Nigel W"]
[Black "Kirk, Matthew"]
[Result "0-1"]
[WhiteElo "1915"]
[BlackElo "1719"]
[PlyCount "82"]
[EventDate "2012.10.21"]
[EventType "swiss"]
[SourceDate "2012.10.30"]

1. e4 c6 2. d4 d5 3. exd5 cxd5 4. c4 Nf6 5. Nc3 g6 6. Nf3 Bg7 7. Be2 O-O 8. O-O
Nc6 9. h3 a6 10. cxd5 Nxd5 11. Bc4 Nb6 12. d5 Na5 13. Be2 Bxc3 14. bxc3 Qxd5
15. Nd4 e5 16. Bf3 e4 17. Be2 Nbc4 18. Qc2 f5 19. Bh6 Re8 20. Rad1 Qf7 21. Nb3
b5 22. Rd4 Be6 23. Nc5 Nc6 24. Rdd1 Qe7 25. Nxe6 Qxe6 26. Bg5 N6e5 27. Rd4 Nf7
28. Bf4 g5 29. Bh2 f4 30. Bg4 Qe5 31. Re1 e3 32. fxe3 Nxe3 33. Qd3 Qc5 34. Bf3
Rad8 35. Be4 Ne5 36. Bxh7+ Kg7 37. Qe4 Qxc3 38. Rxe3 Qxd4 39. Qxd4 Rxd4 40. Re4
Rd1+ 41. Kf2 Kxh7 0-1

[Event "Guernsey Open 2012"]
[Site "?"]
[Date "2012.10.24"]
[Round "4"]
[White "Tischbierek, Raj"]
[Black "Hebden, Mark"]
[Result "1/2-1/2"]
[WhiteElo "2468"]
[BlackElo "2529"]
[PlyCount "126"]
[EventDate "2012.10.21"]
[EventType "swiss"]
[SourceDate "2012.10.30"]

1. e4 e5 2. Nc3 Nf6 3. g3 d5 4. exd5 Nxd5 5. Bg2 Nxc3 6. bxc3 Nc6 7. Nf3 Bc5 8.
O-O O-O 9. Re1 Qf6 10. d3 Bd7 11. Be3 Bb6 12. Nd2 Qg6 13. Nc4 f6 14. a4 Rad8
15. a5 Bxe3 16. Nxe3 f5 17. Nd5 f4 18. Rxe5 Qf7 19. Nxf4 Nxe5 20. Bd5 Qxd5 21.
Nxd5 Bg4 22. Ne7+ Kh8 23. Qb1 Rde8 24. Qb4 Bh3 25. f4 Rf7 26. Qe4 Rfxe7 27.
fxe5 Rxe5 28. Qh4 Bd7 29. d4 Re2 30. d5 h6 31. Rf1 Rxc2 32. Rf2 Rxc3 33. Qb4
Rc1+ 34. Rf1 Rc2 35. Rf8+ Rxf8 36. Qxf8+ Kh7 37. Qe7 Bf5 38. g4 Bg6 39. h4 Rc4
40. Kf2 b5 41. h5 Bc2 42. a6 b4 43. d6 cxd6 44. Qxa7 b3 45. g5 hxg5 46. h6 Kxh6
47. Qb8 Ra4 48. Qxd6+ Bg6 49. Qh2+ Rh4 50. Qb8 b2 51. a7 Ra4 52. Qxb2 Rxa7 53.
Qb8 Ra2+ 54. Kg3 Ra3+ 55. Kf2 Ra6 56. Qh2+ Bh5 57. Qe5 Rf6+ 58. Kg3 Rf3+ 59.
Kg2 g4 60. Qe6+ Rf6 61. Qe3+ Kh7 62. Qe4+ Kg8 63. Qa8+ Kh7 1/2-1/2

[Event "Guernsey Open 2012"]
[Site "?"]
[Date "2012.10.24"]
[Round "4"]
[White "Narciso, Marc"]
[Black "Houska, Jovanka"]
[Result "1-0"]
[WhiteElo "2535"]
[BlackElo "2398"]
[PlyCount "87"]
[EventDate "2012.10.21"]
[EventType "swiss"]
[SourceDate "2012.10.30"]

1. e4 c6 2. d4 d5 3. Nd2 dxe4 4. Nxe4 Bf5 5. Nc5 e5 6. Nxb7 Qe7 7. Na5 exd4+ 8.
Be2 Qc7 9. Nc4 Bb4+ 10. Bd2 Bxd2+ 11. Qxd2 c5 12. Qg5 g6 13. Nf3 h6 14. Qg3
Qxg3 15. hxg3 Be6 16. Ng5 Nd7 17. Nxe6 fxe6 18. O-O-O Ngf6 19. Rde1 Kf7 20. Bd3
Ng4 21. Re4 h5 22. Rhe1 Nf8 23. R4e2 Rd8 24. f3 Nf6 25. Ne5+ Kg7 26. Bc4 Nd5
27. Nc6 Rd6 28. Bxd5 Rxd5 29. Re5 Rd6 30. Nxa7 h4 31. gxh4 Rxh4 32. Rxc5 Rh2
33. Re2 Ra6 34. Rc7+ Kf6 35. a3 g5 36. Nb5 Ng6 37. Nxd4 Rh1+ 38. Kd2 Rd6 39. c3
Nf4 40. Rf2 Rb6 41. Kc2 Rxb2+ 42. Kxb2 Nd3+ 43. Kc2 Nxf2 44. Rc6 1-0